00342nam a2200133Ia 4500008004100000020001500041041001200056082001100068100001600079245006600095260002500161300000800186650001400194221030s9999 xx 000 0 und d a8120343269 aEnglish a105.23 aG. K. Gupta 0aIntroduction to Data Mining With Case Studiescby G. K. Gupta bPHIaNew Delhic2011 a489 aComputers